000 00674nam a2200217Ia 4500
003 GCL
008 140319s9999 xx 000 0 ara d
040 _aGCL /
_cGCL
082 0 4 _a150.1933
_bي س
100 1 _aيحيى الرخاوى
245 1 0 _aسر اللعبة /
_cيحيى الرخاوى
260 _aالقاهرة :
_bدار الغد للثقافة والنشر ،
_c1987
300 _a134 ص ؛
_c24 سم
490 _aالمكتبة الادبية العلمية
_v0
650 0 4 _aعلم النفس
650 0 4 _aالشخصية
650 0 4 _aالادراك
650 0 4 _aالشخصية الدولية
650 0 4 _aالنرجسية
942 _2ddc
_cBK
999 _c27768
_d27768